000 01270cam a22001934a 4500
005 20250605164403.0
008 250528s ||||||||||||||||||||||||d
035 _a24706
040 _aGR-AtMCL
_bgre
_dGR-AtMCL
_eAACR2
245 1 _aΗθική / Περιοδικό Φιλοσοφίας
260 _bΤμήμα Φιλοσφίας Παιδαγωγικής Ψυχολογίας Πανεπιστημίου Αθηνών,
_c2007
300 _a66
520 _aKanth's Perpetual Peace and Current International Law Philosophy, Ψευδολογία και Ηθική στη Διδασκαλία του Kant, Η Ηθική Αυτονομία και το Δικαίωμα της Αντίστασης στις Σύγχρονες Δημοκρατίες, Εξαρτήσεις και Ελευθερία, Η Θεωρία του Δίκαιου Πολέμου, Υπέρ του Ηθικού Πολουραλισμού: Τα Επιστημολογικά Όρια του Ανθρώπου και η Φύση των Ηθικών Αξιών, Διεθνής Συνάντηση για τη Διδασκαλία της Ηθικής.
700 1 _aΠολίτης Γιώργος Ν
_99508
942 _cCR
999 _c9572
_d9572